[Event "FRA Top 16 Higher Pool U16"]
[Site "France"]
[Date "2022.06.06"]
[Round "4.1"]
[White "Foughali, Younes"]
[Black "Droin, Augustin"]
[Result "0-1"]
[WhiteElo "1672"]
[BlackElo "2394"]
[PlyCount "74"]
[EventDate "2022.06.04"]
[EventType "tourn"]
[EventRounds "4"]
[EventCountry "FRA"]
[SourceTitle "EXT 2023"]
[Source "ChessBase"]
[SourceDate "2022.10.05"]
[SourceVersion "1"]
[SourceVersionDate "2022.10.05"]
[SourceQuality "1"]

1. e4 c5 2. Nf3 d6 3. Bb5+ Nd7 4. c3 a6 5. Ba4 Ngf6 6. Qe2 b5 7. Bc2 Bb7 8. 0-0 e5 9. d3 g6 10. Ng5 h6 11. Nh3 g5 12. f3 Bg7 13. Nd2 Nf8 14. Rd1 Nh5 15. g3 Bf6 16. Nf1 Ng7 17. Ne3 Ng6 18. Bb3 Bc8 19. Nf2 h5 20. Nd5 Ne6 21. Be3 Bg7 22. a4 Bb7 23. axb5 axb5 24. Rxa8 Bxa8 25. Ra1 0-0 26. Qd2 Bh6 27. Qc1 Kh8 28. Ra7 Bxd5 29. Bxd5 Qf6 30. Qd1 Rg8 31. f4 Ngxf4 32. Bxf4 gxf4 33. Qxh5 fxg3 34. Nh3 Nf4 35. Nxf4 Qxf4 36. Ra8 Qf2+ 37. Kh1 g2# 0-1

[Event "FRA Top 16 Higher Pool U16"]
[Site "France"]
[Date "2022.06.04"]
[Round "1.1"]
[White "Materia, Marco"]
[Black "Foughali, Younes"]
[Result "1-0"]
[WhiteElo "2408"]
[BlackElo "1672"]
[PlyCount "49"]
[EventDate "2022.06.04"]
[EventType "tourn"]
[EventRounds "4"]
[EventCountry "FRA"]
[SourceTitle "EXT 2023"]
[Source "ChessBase"]
[SourceDate "2022.10.05"]
[SourceVersion "1"]
[SourceVersionDate "2022.10.05"]
[SourceQuality "1"]

1. d4 Nf6 2. c4 c5 3. d5 b5 4. cxb5 a6 5. bxa6 Bxa6 6. Nc3 d6 7. Nf3 Nbd7 8. e4 Bxf1 9. Kxf1 g6 10. g3 Bg7 11. Kg2 0-0 12. a4 Qb6 13. Qc2 Rfb8 14. Nb5 Rb7 15. Bd2 Ra6 16. Bc3 Qd8 17. b3 Qa8 18. Nd2 Nb6 19. Qd3 c4 20. Nxc4 Nxc4 21. Qxc4 Nxe4 22. Bxg7 Nd2 23. Qd3 Kxg7 24. Qxd2 e5 25. Rac1 1-0

[Event "FRA-ch U12 "]
[Site "Agen"]
[Date "2018.04.18"]
[Round "5"]
[White "Foughali, Younes"]
[Black "Razafindratsima, Timothe"]
[Result "0-1"]
[WhiteElo "1660"]
[BlackElo "2146"]
[PlyCount "112"]
[EventDate "2018.04.15"]
[EventType "swiss"]
[EventRounds "9"]
[EventCountry "FRA"]
[SourceTitle "EXT 2019"]
[Source "ChessBase"]
[SourceDate "2018.10.10"]
[SourceVersion "1"]
[SourceVersionDate "2018.10.10"]
[SourceQuality "1"]

1. e4 c5 2. Nf3 d6 3. Bb5+ Nd7 4. c3 a6 5. Ba4 Ngf6 6. Qe2 e6 7. 0-0 b5 8. Bc2 Bb7 9. d4 Be7 10. Bf4 cxd4 11. cxd4 Rc8 12. a3 0-0 13. Nc3 Nb6 14. Rac1 Qd7 15. Bb3 a5 16. e5 Nfd5 17. Nxd5 Bxd5 18. exd6 Bxf3 19. Qxf3 Bxd6 20. Bxd6 Qxd6 21. Qd3 Qd7 22. h3 Rfd8 23. Rxc8 Rxc8 24. Rd1 g6 25. Qf3 a4 26. Ba2 Nd5 27. Bxd5 Qxd5 28. Qxd5 exd5 29. Rd2 Kf8 30. Kf1 Ke7 31. Ke2 Kd6 32. Kd3 b4 33. Rc2 Rb8 34. axb4 Rxb4 35. Kc3 Rc4+ 36. Kd3 Rxc2 37. Kxc2 Kc6 38. b3 Kb5 39. Kb2 Kb4 40. bxa4 Kxa4 41. Kc3 Ka3 42. g4 g5 43. f3 f6 44. Kd3 Kb3 45. Ke3 Kc3 46. f4 h6 47. f5 Kc4 48. Ke2 Kxd4 49. Kd2 Ke4 50. Ke2 d4 51. Kd2 d3 52. Kd1 Ke3 53. Ke1 d2+ 54. Kd1 Kd3 55. h4 gxh4 56. g5 h3 0-1

[Event "Wch U10"]
[Site "Batumi"]
[Date "2016.10.27"]
[Round "8"]
[White "Larichev, Prokhor"]
[Black "Foughali, Younes"]
[Result "1-0"]
[WhiteElo "1623"]
[BlackElo "1421"]
[PlyCount "87"]
[EventDate "2016.10.19"]
[EventType "swiss"]
[EventRounds "11"]
[EventCountry "GEO"]
[SourceTitle "EXT 2018"]
[Source "ChessBase"]
[SourceDate "2017.10.13"]
[SourceVersion "1"]
[SourceVersionDate "2017.10.13"]
[SourceQuality "1"]

1. e4 c5 2. Nf3 e6 3. d4 cxd4 4. Nxd4 Nf6 5. Nc3 Nc6 6. Ndb5 d6 7. Bf4 e5 8. Bg5 a6 9. Na3 Be7 10. Bxf6 gxf6 11. Qh5 Be6 12. 0-0-0 0-0 13. Bc4 Kh8 14. Rd3 Rg8 15. Bxe6 fxe6 16. Rh3 Rg7 17. g4 Qg8 18. Rg3 Rg5 19. Qh3 Qg6 20. Rhg1 Nd4 21. Qf1 Qh6 22. Kb1 Rg6 23. Nc4 b5 24. Ne3 Rag8 25. R1g2 Qf8 26. Qd3 Qa8 27. Ncd1 Rd8 28. c3 Nc6 29. Rh3 Rg7 30. Rh5 Na7 31. Rg3 d5 32. exd5 exd5 33. Nf5 Rf7 34. Rgh3 e4 35. Qe3 Bf8 36. Qg3 Qb7 37. Qh4 Nc6 38. g5 fxg5 39. Qxg5 Bc5 40. Rxh7+ Rxh7 41. Qf6+ Kg8 42. Rg3+ Rg7 43. Rxg7+ Qxg7 44. Qxg7# 1-0

[Event "EU-ch U10 26th"]
[Site "Prague"]
[Date "2016.08.19"]
[Round "2"]
[White "Foughali, Younes"]
[Black "Krupa, Miroslav"]
[Result "0-1"]
[WhiteElo "1359"]
[BlackElo "1808"]
[PlyCount "100"]
[EventDate "2016.08.18"]
[EventType "swiss"]
[EventRounds "9"]
[EventCountry "CZE"]
[SourceTitle "CBM 174 Extra"]
[Source "ChessBase"]
[SourceDate "2016.10.10"]
[SourceVersion "1"]
[SourceVersionDate "2016.10.10"]
[SourceQuality "1"]

1. e4 c5 2. Nf3 d6 3. Bb5+ Nd7 4. d4 cxd4 5. Qxd4 a6 6. Bxd7+ Bxd7 7. 0-0 e5 8. Qd3 Nf6 9. Nc3 Be7 10. Be3 0-0 11. h3 Rc8 12. Rfd1 Bc6 13. Rac1 b5 14. a3 Qc7 15. Bg5 Rfd8 16. Bxf6 Bxf6 17. Nd5 Bxd5 18. Qxd5 Qc4 19. c3 Rb8 20. Rd2 Be7 21. Rcd1 h6 22. Nh2 Rdc8 23. Nf1 Rc5 24. Ne3 Rxd5 25. Nxc4 Rxd2 26. Nxd2 Kf8 27. Nf1 a5 28. Rd5 Ke8 29. b4 axb4 30. axb4 Kd7 31. Ne3 g6 32. Ng4 Ke6 33. Rd3 f5 34. exf5+ gxf5 35. Ne3 Rc8 36. f3 Bf6 37. Kf2 e4 38. fxe4 fxe4 39. Rd5 Rxc3 40. Rxb5 Bd4 41. Rb8 Bxe3+ 42. Ke2 Bg5 43. b5 Rc2+ 44. Kd1 Rxg2 45. b6 Rb2 46. b7 Kd7 47. h4 Bxh4 48. Kc1 Rb4 49. Rh8 Rxb7 50. Rxh6 Bg5+ 0-1